Python for scientific computing and artificial intelligence (Record no. 1237615)

MARC details
000 -LEADER
fixed length control field 00812nam a2200253Ia 4500
005 - DATE AND TIME OF LATEST TRANSACTION
control field 20250117103520.0
008 - FIXED-LENGTH DATA ELEMENTS--GENERAL INFORMATION
fixed length control field 008 250103s9999 xx 000 0 eng d
020 ## - INTERNATIONAL STANDARD BOOK NUMBER
International Standard Book Number 9781032258737
037 ## - SOURCE OF ACQUISITION
Stock number Textual
040 ## - CATALOGING SOURCE
Original cataloging agency CSL
Language of cataloging eng
Transcribing agency CSL
041 ## - LANGUAGE CODE
Language code of text/sound track or separate title eng
Source of code eng
084 ## - COLON CLASSIFICATION NUMBER
Classification number D65 8(B)92PY R3
Assigning agency CSL
100 ## - MAIN ENTRY--PERSONAL NAME
Personal name Lynch, Stephen
9 (RLIN) 464523
245 #0 - TITLE STATEMENT
Title Python for scientific computing and artificial intelligence
Statement of responsibility, etc. Lynch, Stephen
260 ## - PUBLICATION, DISTRIBUTION, ETC.
Place of publication, distribution, etc. Boc raton
Name of publisher, distributor, etc. CRC Press/T&F
Date of publication, distribution, etc. 2023
300 ## - PHYSICAL DESCRIPTION
Extent xx,313p. Col.ill.
650 ## - SUBJECT ADDED ENTRY--TOPICAL TERM
Topical term or geographic name entry element chemical kinetics
9 (RLIN) 717958
650 ## - SUBJECT ADDED ENTRY--TOPICAL TERM
Topical term or geographic name entry element Linear regression
9 (RLIN) 451157
650 ## - SUBJECT ADDED ENTRY--TOPICAL TERM
Topical term or geographic name entry element Mandelbrot set
9 (RLIN) 733578
650 ## - SUBJECT ADDED ENTRY--TOPICAL TERM
Topical term or geographic name entry element Simple programming in python
9 (RLIN) 733579
650 ## - SUBJECT ADDED ENTRY--TOPICAL TERM
Topical term or geographic name entry element Operational Research
942 ## - ADDED ENTRY ELEMENTS (KOHA)
Koha item type Textual
Classification part D65 8(B)92PY R3
Holdings
Withdrawn status Lost status Damaged status Not for loan Home library Current library Date acquired Source of acquisition Inventory number Total Checkouts Full call number Barcode Date last seen Date last checked out Price effective from Koha item type
        Central Science Library Central Science Library 2025-01-17 Bright Book Service 2195, 21/11/2023 1 D65 8(B)92PY R3 SL1655565 2025-02-06 2025-01-18 2025-01-17 Textual
Copyright @ Delhi University Library System